000 00392cam a2200157ua 4500
003 OSt
005 20260213112834.0
008 260213b |||||||| |||| 00| 0 eng d
041 _aeng
082 _a028.72631
_bUNI/MA
245 _aManual on conservation of soil and water /
250 _a1 /
260 _a :
_bOxford & IBH Publishing company ,
_c1984.
300 _a207 ; .
942 _cBK
999 _c9210
_d9210